[Event "Vancouver Open"]
[Site "Chess.com"]
[Date "2020.07.25"]
[Round "2"]
[White "Bell, Harry"]
[Black "Lenderman, Aleksandr"]
[Result "0-1"]
[WhiteElo "2000"]
[BlackElo "2717"]
[Annotator "Aleksandr Lenderman"]
[PlyCount "58"]
[EventDate "2020.??.??"]
[SourceVersionDate "2020.06.27"]
[TimeControl "4500+10"]

{In round 2 I played a veteran player, Harry Bell who is floored at 2000, and
that means he was probably 2100+ or maybe even 2200+ at his peak.} 1. Nf3 e6 2.
c4 $5 {Move 1 I expected but move 2 was actually a slight surprise.} (2. d4 {
I expected this move and then I saw that my opponent in a recent blitz game
fell for a cute little trap, so one of the reasons for me choosing 1)... e6
was that maybe I would get a quick win :)} c5 {And here since he's typically
played London, he played Bf4?!} 3. Bf4 $6 (3. e4) (3. c4) (3. e3) (3. c3 {
Are all reasonable alternatives.}) 3... cxd4 4. Nxd4 $4 {And here his opponent
played Nc6?? missing...} e5 $1 5. Bxe5 Qa5+ $19) 2... d5 3. d4 Nf6 4. Nc3 {
I didn't actually expect my opponent to go into mainstream stuff. Now I had a
choice to make.} a6 {I decided to choose the most solid option.} 5. cxd5 exd5
6. Bf4 (6. Bg5 {This is probably more common but Bf4 was not bad either.}) 6...
c5 {probably this is the equalizing line but maybe I could've chosen a
different line to get more winning chances.} 7. dxc5 Bxc5 8. e3 Nc6 9. Be2 O-O
10. O-O h6 (10... d4 {Here I knew that I should play d4 and equalize but I was
afraid that the game would fizzle out too much and I am playing someone much
lower rated, so I wanted to keep the tension even if I might be slightly worse.
}) (10... Be6 11. Bg5 {In this case this move felt annoying.}) 11. Rc1 Ba7 12.
Qd3 (12. Qb3 $5 {This was interesting, trying to stop me from playing Be6.
White is probably slightly better here.}) 12... Be6 13. Rfd1 Qe7 (13... Nh5 $5
{Was an interesting alternative which I didn't really see.} 14. Nxd5 Bxd5 15.
Qxd5 Nxf4 16. exf4 Qb6 17. Rf1 Qxb2 $11 {However, here the game also kind of
fizzles.}) 14. Ne5 Rfc8 $6 (14... Rfd8 {At first I wanted to play this but
then I didn't like...} 15. Nxc6 bxc6 16. Na4 {But then I have...} d4 17. e4
Bxa2) 15. Bf3 {Somehow I was so focused on Nxc6 that I forgot about Bf3.} Rd8
16. Ne2 {My opponent is playing very logical positional chess. I realized that
he's getting comfortable so I was looking for tactics to unbalance the game.
Suddenly I spotted an interesting tactic to trap his bishop, but I wasn't sure
at all about whether it was truly good for me or not.} Nb4 $1 {It is important
to start with this.} (16... g5 $6 17. Rxc6 $1 {Is very strong.} gxf4 18. Ng6 $1
Qe8 (18... fxg6 19. Qxg6+ Kf8 20. Qxh6+ Kg8 21. Qg5+ Kh7 22. Rxe6 Qxe6 23. Nxf4
$16) 19. Rxe6 fxe6 20. Ngxf4) 17. Qb1 (17. Qa3 $1 {This move was important to
keep in contact with my knight on b4.} g5 18. Bg3 g4 19. Rc7 $3 Qxc7 20. Nxg4
Qe7 21. Nxf6+ Qxf6 22. Qxb4 $16 {Here white has tremendous compensation for
the exchange.}) 17... g5 18. a3 $6 {Hoping for Nc6 but it was an inaccuracy.} (
18. Bg3 g4 19. Bh4 {I was more worried about this since I thought the pin was
very annoying. Indeed it does seem like white has enough compensation here.}
gxf3 20. Nf4 $1 {Very important to keep up with the momentum.} d4 (20... Bb8 {
I was planning this actually but it fails to a brilliant...} 21. Neg6 $3 {
If this happened, this game might've been good for a brilliancy prize! :)} fxg6
(21... Qd7 22. Bxf6) 22. Qxg6+ Qg7 23. Qxg7+ Kxg7 24. Nxe6+ $18) 21. Nh5 Nbd5
22. exd4 fxg2 23. Qd3 Nxh5 24. Bxe7 Nxe7 25. Qf3 Ng7 {With a very unclear
position.}) 18... gxf4 (18... Nc6 $4 {Of course not this because} 19. Rxc6) 19.
Nxf4 (19. axb4 fxe3 {Is completely lost for white.}) 19... Nc6 20. Nxc6 (20.
Rxc6 bxc6 21. Nxc6 Qd6 {Also didn't really help.}) 20... bxc6 21. Rxc6 Rd6 22.
Ng6 $5 {Good try but too little too late, I don't have to take.} Qd8 23. Rdc1
$6 {This loses more material.} (23. Rxd6 Qxd6 24. Nf4 {Was still lost in the
long run but much more tenacious.}) 23... Rxc6 $1 24. Rxc6 Qe8 $1 {Now white
loses more material.} 25. Rxa6 (25. Ne5 Bb8 $19) 25... fxg6 26. Rxe6 Qxe6 27.
Qxg6+ Kf8 28. Qxh6+ Ke7 29. h4 Rg8 {AlexanderL won by resignation. Just too
much extra material for me. It was a very interesting game. I was happy though
to navigate through the complications well.} 0-1

[Event "Vancouver Open"]
[Site "Chess.com"]
[Date "2020.07.26"]
[Round "5"]
[White "Lenderman, Aleksandr"]
[Black "Martinez Alcantara, Jose"]
[Result "1/2-1/2"]
[WhiteElo "2717"]
[BlackElo "2692"]
[Annotator "Aleksandr Lenderman"]
[PlyCount "64"]
[EventDate "2020.??.??"]
[SourceVersionDate "2020.06.27"]
[TimeControl "4500+10"]

{In the last round I played a strong GM from Peru, Jose Martinez, whom I've
already played several times online in shorter time controls and even played
him in 2013 over the board when he was a 14-year old 2200 kid. Already then, I
recognized a special talent in him. At least I was happy to get white in the
last round.} 1. d4 Nf6 2. c4 e6 3. Nc3 Bb4 {I decided to repeat this line
against him since I saw he almost exclusively plays d6 against it and I
thought I'll be able to get a game here.} 4. Qc2 d6 5. Nf3 (5. Bd2 {I played
this against him in the decisive blitz game against him in Rushaan's Learn to
Chess tournament and won a nice game. However I thought he would prepare for
this, so I decided to change it a little bit.}) 5... Nbd7 6. g3 b6 7. Bg2 Bb7
8. O-O O-O 9. Nd1 $5 {The principled choice. I didn't have a lot of time to
prepare but I saw that some people played this. The idea is to try to play
against the b4 bishop and at the moment I'm threatening to trap it. However,
perhaps since I didn't have time to check it deeply, it might've been better
to play a more solid option. Also I didn't feel great so it was possibly
better to play a less dynamic game this time.} c5 {This move I didn't really
analyze since I thought it's not really playable but in fact I needed to play
precisely to get an advantage here.} (9... d5 {Is another logical choice.} 10.
a3 Bd6 11. cxd5 exd5 12. Nc3 {With a slightly more comfortable position due to
black's bishop on b7 blocked in. Obviously the whole line isn't totally forced.
}) 10. a3 Ba5 11. Qa4 $6 {I thought this is quite strong but I missed a few
details.} (11. Ne3 {Seemed to give some advantage to white.} Rc8 12. b4 {
Or the more ambitious...} (12. d5 b5 (12... exd5 13. Nf5 $1) 13. dxe6 fxe6 14.
cxb5) 12... cxb4 13. axb4 Bxb4 14. Rxa7 $14) (11. b3 {With a slower idea of
Qb2 seems also decent, though in that case black can play b5 and try to get
some compensation for the pawn, for example...} Qb8 $1 12. Qb2 b5 $1 13. cxb5
cxd4 14. Nxd4 Bxg2 15. Kxg2 e5) 11... Rc8 {This is the move I expected, but it
wasn't the best surprinsgly to me.} (11... b5 $1 {I saw that move but I
thought I would be better here somehow, but it turns out black has hidden
compensation here.} 12. Qxb5 (12. cxb5 a6 {This move I didn't see somehow.} (
12... cxd4 13. Nxd4) 13. bxa6 Rxa6 14. Ne3 Qa8 $44 {This feels like a good
Benko gambit for black.}) 12... Rb8 13. Qa4 Qc7 14. b4 cxb4 15. axb4 Bxb4 $11)
12. b4 cxb4 13. axb4 Rxc4 14. Ba3 {I calculated up to here, and from far away
before I played Qa4, I missed black's next move.} Nd5 (14... Bxb4 {If this
right away I thought I was much better with...} 15. Qb3 Bxa3 16. Qxc4 d5 17.
Qb3 Bd6 18. Rxa7 $16 {And black loses a very important a7 pawn.}) 15. Qb3 {
Another tough choice.} (15. Ne3 {I considered seriously this move but then I
didn't like it because of ...} Bc6 (15... Nxe3 16. fxe3 Bxb4 17. Qb3 Bxa3 18.
Qxc4 d5 19. Qd3 Be7 20. Rxa7 Qb8 {Is relatively best for black perhaps, but
here white is of course better, since black only has one pawn for the exchange.
}) 16. Qb3 {Even better is...} (16. Qd1 $1 $16) 16... Rxb4 17. Bxb4 Nxb4 18.
Rfc1 {However here I am much better somehow still.}) 15... Rxb4 16. Bxb4 Nxb4
17. Ne3 (17. Nb2 {This might've been better.}) 17... d5 18. Rfc1 Nc6 19. Qa4
Qa8 20. Rc2 Rc8 $6 (20... a6 $15 {Was probably better.}) 21. Rac1 {Suddenly
for a few moves I have initiatve, though during the game I didn't realize that
I'm doing well here.} a6 22. Bh3 $6 {The right idea, the wrong execution.} (22.
Ng5 $3 {Here I had this unexpected resource, which I totally didn't see.
Amazingly I am much better in all the lines.} h6 (22... Nf6 23. Bh3 $1 {
Even here despite black being seemingly solid, because of his queen on a8 far
away from action, as well as his bishop on a5, I have these dynamic
possibilites.} b5 (23... Rc7 24. Nxe6 fxe6 25. Bxe6+ Kh8 26. Nxd5 Nxd5 27. Bxd5
$18) 24. Qa3 Bb4 25. Qb2 {And now black has no good defence against Nxe6.} Rc7
26. Nxe6 fxe6 27. Bxe6+ Kh8 28. Nxd5 Nxd5 29. Bxd5 Be7 30. Bf3 Bf6 31. Qa3 $1
$18 {Black's pieces are very poorly coordinated still, white has potentially
very strong points and black can easily lose more material. The lines can
really get fun here, for example...} b4 32. Qxb4 $3 Nxb4 33. Rxc7 Bc6 34. Bxc6
Qg8 35. Bb7 Bd8 36. Rc8 Nd5 37. Rb8 Nb6 38. Rc6 Nd7 39. Rxd8 Qxd8 40. Rc8 $18 {
And finally after all the smoke clears, white ends up being in a winning
endgame.}) 23. Nxf7 $3 Kxf7 24. Nxd5 $1 {Somehow he is discoordinated and I am
crashing through.} b5 25. Qa3 b4 26. Qe3 b3 27. Nf4 $3 {The only move for an
advantage.} Re8 28. Rb2 $18) 22... Nf6 $6 (22... Rc7 $1 23. Nxd5 exd5 24. Bxd7
Rxd7 25. Rxc6 Bxc6 26. Rxc6 b5 27. Qc2 Qb7 28. Ne5 Rd8 {Was relatively best
for black.}) 23. Ne5 $2 {Offiically losing the plot.} (23. Ng5 $1 {This was my
2nd chance to transpose into these winning lines for white.}) 23... b5 24. Qa1
(24. Qa3 Bb4 25. Qb2 Bd6 26. N3g4 {Was somehow better.}) 24... Bb6 (24... Bd8)
25. Nxc6 Rxc6 26. Rxc6 Bxc6 27. Nc2 $6 (27. Qa3 {This was better.} Bxd4 28. Ng4
Ne4 29. Bg2 {With counterplay.}) 27... a5 28. Nb4 Be8 29. Nd3 g6 30. e3 Qb8 31.
Qc3 Kg7 32. Qc8 Qa7 {Game drawn by agreement. I was very surprised that my
opponent offered me a draw here. I thought he is much better here, with 2
bishops, 2 nice passed pawns, and I don't really have any counterplay. I was
very happy to accept the draw here even though it didn't give me much. I was
very surprised though that my opponent didn't want to play for a win here,
since a win would give him shared 1st-2nd, while draw was only 2nd-5th. Anyway,
it was a very interesting game!} 1/2-1/2

[Event "Vancouver Open"]
[Site "Chess.com"]
[Date "2020.07.25"]
[Round "3"]
[White "Guha, Eshan"]
[Black "Tien, Sophie"]
[Result "1/2-1/2"]
[WhiteElo "2129"]
[BlackElo "1916"]
[Annotator "Aleksandr Lenderman"]
[PlyCount "137"]
[EventDate "2020.??.??"]
[SourceVersionDate "2020.06.27"]
[TimeControl "4500+10"]

{In this game, my student, Eshan Guha is playing against a talented girl from
Seattle, Washington, Sophie Tien. I knew this game would be tough for Eshan
since despite her 1900 rating, Sophie is very resilient and a tough defender.
From what I saw, she also gave a tough battle to an eventual winner of the
tournament, David Shahinyan, possibly being very close to making a draw. In
fact, they played each other in a serious online game one month earlier.} 1. d4
d5 2. c4 e6 3. Nf3 Nf6 4. g3 Be7 5. Bg2 O-O 6. O-O Nbd7 (6... c6 {I prefer
here the more flexible c6, waiting to see what white does.} 7. Qc2 (7. Nc3 {
After this I would prefer Nbd7.} Nbd7 {To meet Nd2 with...} 8. Nd2 b5 $1 9.
cxb5 cxb5 10. Nxb5 Qb6 11. a4 a6 12. Nc3 Qxd4 $11) 7... b6 {Here I prefer b6
in order to keep the d7 square for the other knight in the following line...}
8. Nbd2 Bb7 9. e4 Na6 10. e5 Nd7 {And here black will get c5 in and should be
fine.}) 7. Qc2 c6 8. Nbd2 Bd6 $6 {I was surpirsed to see that Sophie didn't
seem to learn the opening line after getting a tough position the last time
they played. This move seems very illogical, to go Be7 and a few moves later,
Bd6, without developing the c8 bishop yet.} (8... Re8 $6 {[%emt 0:00:38] This
was played in an earlier game where white also got an advantage, though later
after a back and forth game, the game ended up being a draw.} 9. e4 {[%emt 0:
00:24]} Nxe4 {[%emt 0:00:30]} 10. Nxe4 {[%emt 0:00:02]} dxe4 {[%emt 0:00:02]}
11. Qxe4 {[%emt 0:00:01]} Nf6 {[%emt 0:00:06]} 12. Qe2 $16 {[%emt 0:00:18] 1/
2-1/2 (50) BigPiano (1774)-penhotien (1920) Chess.com 2020 [Alex]}) (8... b6 {
This is the main line here with many possibilites for black after e4.} 9. e4
Bb7 (9... dxe4 10. Nxe4 Bb7 11. Nxf6+ $14) (9... dxc4 $5 10. Nxc4 Bb7 {Is
probably the most logical move.}) 10. e5 Ne8 11. cxd5 cxd5 {Is also theory
though probably supposed to be slightly better for white.}) 9. e4 dxe4 10. Nxe4
Nxe4 11. Qxe4 c5 12. Rd1 Rb8 $6 {Another move that turns out awkward
tactically.} 13. dxc5 $1 Nxc5 (13... Bxc5 14. Ng5 g6 15. Qh4 $18 h5 16. g4 $40)
14. Qd4 $2 {This is a very natural move that Eshan played very quickly but
unfortunately, this move blows a lion's share of white's advantage since now
the black bishop can safely move away and the queens will be probably
exchanged, making black survive. The lesson here is that it is very important
that when we see a good move that we like, even if it is safe and natural, we
should be disciplined enough to always consider better moves and making
candidate moves.} (14. Qc2 {Just wins since white has too many threats, in
particular, b4 and c5.} Qe7 {And this is met with...} 15. Rxd6 $1 Qxd6 16. Bf4
$18 {Taking advantage of black's misplaced rook. I think that had white spent
more time here, and look for better moves it was very easy to spot this.}) (14.
Qe1 {Also works.}) 14... Be7 15. Qxd8 Rxd8 16. Rxd8+ Bxd8 17. Bf4 Ra8 18. b4
Na6 19. Rd1 Be7 20. a3 f6 {White is obviously still much better but now black
is still in the game at least.} 21. Bd6 (21. Be3 e5 22. Nd2 {Maybe this was
better, not exchanging pieces, and also preventing Rb8 followed by b6. Here it
is very difficult for black to untangle.}) 21... Kf7 22. c5 e5 23. Nd2 Nb8 (
23... Bxd6 24. cxd6 Rb8) 24. Bd5+ Ke8 25. Nc4 Nc6 26. b5 $6 {This was based on
a forced concrete line which leads to a favorable endgame for white. However,
the problem for white is that the endgame isn't nearly as easily winning as it
seems at first. Here again, white would be better off not calculating this
line deeply, but instead to look around and look for simpler possibilites
which don't allow black much counterplay.} (26. f4 $1 {Was simpler and clearer.
Here black just doesn't have a satisfactory move. Black's main source of
counterplay is with the knight on d4 and pawn on e5 and now white just gets
rid of it.} exf4 $6 (26... Bxd6 27. Nxd6+ Kf8 28. fxe5 Nxe5 29. Nxb7 $18 {
White is up a pawn with a much better game and black has no counterplay.}) 27.
Bxc6+ bxc6 28. Re1) 26... Nd4 27. Rxd4 $1 {The point of white's last move.}
exd4 28. c6 Bxd6 29. Nxd6+ Ke7 30. cxb7 Bxb7 31. Nf5+ Kf8 32. Bxb7 Rd8 {
However this endgame turns out to not be easy to win.} 33. Kf1 g6 34. Nh4 d3
35. Ke1 {This is fine but there was an interesting alternative.} (35. Bf3 $5 {
I think this was simpler.} d2 36. Bd1 {Trying to play a4 and defend the pawn.}
Ke7 $1 37. Nf3 Kd6 38. Ke2 Kc5 39. Nxd2 Kxb5 40. Bb3 {With good winning
chances for white.}) 35... Re8+ 36. Kd2 Re2+ 37. Kxd3 Rxf2 {Now this gets
sharp and calculation is required.} 38. Nf3 {A natural human move but possibly
an inaccuracy.} (38. Kc4 $5 Rxh2 39. Nf3 Rg2 40. a4 {And apparently white's
pawns are faster. However this was far from obvious.}) 38... Ra2 39. Kc4 Rxa3
40. Nd4 Ra2 $6 (40... Ke7 {This was better.}) 41. Nc6 $1 Rxh2 $6 (41... Ke8)
42. Nxa7 $2 {I assume this was a blunder since I saw Eshan thought for a while
after black's reply.} (42. Ba6 {It looks like white is winning here since
black's pawns will be slow and white's pawn and two pieces should produce a
queen. Then white will just need to prove he knows how to mate with bishop and
knight.}) 42... Rc2+ 43. Kd5 Rc7 44. Bc6 {Thankfully white's b-pawn saves the
day and white can still draw.} Rxa7 45. b6 Ra2 46. b7 Rb2 47. Kc5 Rxb7 $1 {
This is forced because otherwise white plays Bb5 and blocks the rook and
queens the pawn.} 48. Bxb7 f5 49. Kd6 Kg7 50. Ke5 h5 51. Bd5 Kh6 52. Kf4 h4 $1
53. gxh4 Kh5 54. Kg3 g5 55. Bf7+ Kh6 56. h5 {Sadly for white, he cannot win
because he has the h-pawn and a wrong-colored bishop.} Kg7 57. Be8 Kh7 58. Bg6+
Kh6 59. Kf3 g4+ 60. Kf4 g3 61. Kxg3 f4+ 62. Kxf4 Kg7 63. Kg5 Kg8 64. Kf6 Kh8
65. h6 Kg8 66. Bd3 Kh8 67. Kg6 Kg8 68. Bc4+ Kh8 69. h7 {Game drawn by
stalemate. A very nice battle!} 1/2-1/2

[Event "Vancouver Open"]
[Site "Chess.com"]
[Date "2020.07.26"]
[Round "5"]
[White "McConnell, Griffin"]
[Black "Guha, Eshan"]
[Result "0-1"]
[WhiteElo "2051"]
[BlackElo "2129"]
[Annotator "Aleksandr Lenderman"]
[PlyCount "100"]
[EventDate "2020.??.??"]
[SourceVersionDate "2020.06.27"]
[TimeControl "4500+10"]

{This was a last round game that Eshan played against a young player Griffin
McConnell rated 2051 from Colorago. I was happy with Eshan on how he played
that last game and with how he finished the tournament.} 1. e4 c5 2. Nc3 Nc6 3.
f4 {The grandprix attack.} g6 4. Nf3 Bg7 5. Bb5 Nd4 6. O-O a6 7. Bd3 d6 8. Nxd4
cxd4 9. Ne2 Nf6 10. b3 (10. Nxd4 $2 Qb6 {Doesn't work for white.}) (10. c3 {
I think c3 should be played though.}) 10... O-O 11. Ng3 b5 12. Qe2 Nd7 13. Bb2
Nc5 14. Rae1 Bb7 15. c3 dxc3 16. Bxc3 Qb6 17. Qe3 Bxc3 18. dxc3 Nd7 {Smart
play by black, neutralizing any aggressive play from white by exchanging the
queens and getting into a decent endgame thanks to white's weak c3 pawn and
black potentially controlling the c5 square.} 19. Qxb6 Nxb6 20. Rc1 Rfc8 21.
Rc2 Rc7 22. Rfc1 Rac8 23. Kf2 Nd7 24. c4 Nc5 25. Ke3 b4 $1 {Showing good
understanding, ensuring that white's d3 bishop remains bad because of all the
queenside pawns being on the color of the bishop.} 26. Be2 (26. Rd2 a5 27. Bc2
{Was more tenacious.}) 26... a5 $1 {Planning to open up the queenside.} 27. Rb1
Ra8 28. Bf3 a4 29. bxa4 Rxa4 30. Rcb2 Ra3+ 31. Kd2 Nd3 (31... h5 $1 32. h4 f5
$1 {Was even stronger for black.}) 32. Rb3 Nxf4 33. Rxa3 bxa3 34. Rb4 Bc6 35.
Kc3 Ne6 36. Rb3 Ra7 37. Rb6 Bd7 38. Ne2 Nc5 39. Rb1 Na4+ 40. Kc2 Nb2 41. Kc3
Be6 42. Nd4 Bxc4 43. Ra1 Rc7 44. Nb3 Be6+ 45. Kb4 Nd3+ 46. Kb5 Rb7+ 47. Ka4
Bd7+ 48. Ka5 Rb5+ 49. Ka6 Nb4+ 50. Ka7 Bc6 {A very nice mating net for black
and a very cute finish to a great game played by Eshan. A good ending to a
tournament that started tough for Eshan with a loss to a lower-rated player.
Eshan proved to be a great fighter.} 0-1